| 000 | 00761nam a2200241 a 4500 | ||
|---|---|---|---|
| 001 | 000018820 | ||
| 005 | 20200929165849.0 | ||
| 008 | 100519s1993 sp r 000 p spa d | ||
| 020 | _a8423973166 | ||
| 040 |
_aDO-SdBNP _bspa _cBNPHU |
||
| 082 |
_a861.44 _bL923a |
||
| 100 | 1 |
_aLoynaz, Dulce María, _d1902-1997 _95563 |
|
| 245 | 1 | 0 |
_aAntología lírica / _cDulce María Loynaz ; edición María Asunción Mateo. |
| 260 |
_aMadrid : _bEspasa Calpe, _c1993. |
||
| 300 |
_a261 p. ; _c18 cm. |
||
| 490 | 1 | _aColección Austral | |
| 586 | _aPremio Cervantes de literatura 1992 | ||
| 650 | 4 |
_aPoesía cubana _95226 |
|
| 650 | 4 |
_aLiteratura cubana _91483 |
|
| 700 | 1 |
_aAsunción Mateo, María, _eed. _940574 |
|
| 830 | 0 |
_aColección Austral _939561 |
|
| 049 | _aBNGR | ||
| 999 |
_c18340 _d18340 |
||